Statistics for Antonio Banderas Filmography

Click here to take the quiz!

General Stats

  • This quiz has been taken 102 times
    (12 since last reset)
  • The average score is 46 of 142

Answer Stats

TypeYearName% Correct
Film2011Puss in Boots
91%
Film2004Shrek 2
91%
Film2010Shrek Forever After
91%
Film2007Shrek the Third
91%
Film1998The Mask of Zorro
91%
Film2022Puss in Boots: The Last Wish
82%
Film1995Desperado
73%
Film2003Once Upon a Time in Mexico
73%
Film2001Spy Kids
73%
Film2002Spy Kids 2: The Island of Lost Dreams
73%
Film2003Spy Kids 3-D: Game Over
73%
Film2005The Legend of Zorro
73%
Film2019The Laundromat
64%
Film2015The SpongeBob Movie: Sponge Out of Water
64%
Film2002Ballistic: Ecks vs. Sever
55%
Film2020Dolittle
55%
Film1995Four Rooms
55%
Film2021Hitman's Wife's Bodyguard
55%
Film2023Indiana Jones and the Dial of Destiny
55%
Film1994Interview with the Vampire
55%
Film2001Original Sin
55%
TV Show2006Saturday Night Live
55%
TV Short2007Shrek the Halls
55%
Film1999The 13th Warrior
55%
Film2022Uncharted
55%
Film1995Assassins
45%
Film1996Evita
45%
Film2002Frida
45%
Film2023Journey to Bethlehem
45%
Film2013Machete Kills
45%
Film1995Never Talk to Strangers
45%
Film1993Philadelphia
45%
TV Short2010Scared Shrekless
45%
Film2014The Expendables 3
45%
Film2011The Skin I Live In
45%
Film2009Thick as Thieves
45%
Film1990Tie Me Up! Tie Me Down!
45%
TV Film2003And Starring Pancho Villa as Himself
36%
Film2014Autómata
36%
Film2017Black Butterfly
36%
Film2011Black Gold
36%
Director1999Crazy in Alabama
36%
Film2016Finding Altamira
36%
Film2017Gun Shy
36%
Film2011Haywire
36%
Film1982Labyrinth of Passion
36%
Film1987La ley del deseo
36%
Film1986Matador
36%
Film2024Paddington in Peru
36%
Film2019Pain and Glory
36%
Film2012Ruby Sparks
36%
Film2017Security
36%
Director2006Summer Rain
36%
Film1993The House of the Spirits
36%
Film1992The Mambo Kings
36%
FilmTBAThe Monster of Florence
36%
Film2008The Other Man
36%
Film1995Two Much
36%
Film1988Women on the Verge of a Nervous Breakdown
36%
Film2010You Will Meet a Tall Dark Stranger
36%
Film198627 horas
27%
Theater2019-2020A Chorus Line
27%
Film2017Acts of Vengeance
27%
Film1988Baton rouge
27%
TV Film1993Benito
27%
Film2018Beyond the Edge
27%
Film2006Bordertown
27%
Film2017Bullet Head
27%
Film1984El caso Almería
27%
Film1988El placer de matar
27%
Film2002Femme Fatale
27%
TV Show2018Genius
27%
Film2013Justin and the Knights of Valour
27%
Film2015Knight of Cups
27%
Film1989La Blanca Paloma
27%
Film1985La corte de Faraón
27%
Film2018Life Itself
27%
Film1984Los zancos
27%
Film1995Miami Rhapsody
27%
Film2008My Mom's New Boyfriend
27%
Film2022Official Competition
27%
Film1994Of Love and Shadows
27%
Film2000Play It to the Bone
27%
Short Film2012Puss in Boots: The Three Diablos
27%
Film1986Puzzle
27%
Film1985Réquiem por un campesino español
27%
Film1989Si te dicen que caí
27%
Film2006Take the Lead
27%
Film2015The 33
27%
Film2010The Big Bang
27%
Film2001The Body
27%
Film2022The Enforcer
27%
Film1987Así como habían sido
18%
Film1989Bajarse al moro
18%
TV Show1985Caso cerrado
18%
FilmTBAClean Up Crew
18%
Film2022Code Name Banshee
18%
Theater2021-2022Company
18%
Film1990Contra el viento
18%
Film1986Delirios de amor
18%
Film1989El Acto
18%
Film1984El señor Galíndez
18%
Short Film2004Far Far Away Idol
18%
TV Mini-Series1984Fragmentos de Interior
18%
Film2003Imagining Argentina
18%
Film1988La Mujer de tu vida: La mujer feliz
18%
Film1990La otra historia de Rosendo Juárez
18%
Theater2003Nine
18%
Film1982Pestañas postizas
18%
Film1991Terra Nova
18%
Film1999The White River Kid
18%
Film1992Una mujer bajo la lluvia
18%
Film1983Y del seguro... líbranos Señor!
18%
Theater19865 Lorcas 5
9%
DirectorTBAAkil
9%
Film1998Andrew Lloyd Webber: The Royal Albert Hall Celebration
9%
TV Short2018Asesinato en el Hormiguero Express
9%
TV Show1993Cuentos de Borges
9%
Film1993¡Dispara!
9%
TV Short2010Donkey's Christmas Spectacular
9%
Theater1986El Diálogo del Amargo
9%
Short Film2019El Hormiguero: Vacaciones en el Titanic
9%
Web Series2020Escena en Blanco y Negro
9%
Commercial1982Freixenet
9%
Film1989Hasta Luego Tenis
9%
TV Mini-Series1993Il Giovane Mussolini
9%
Theater1983La Ciudad y Los Perros
9%
Theater1981La Hija del Aire
9%
Theater1980La Historia de Los Tarantos
9%
TV Show1984, 1987La Tarde
9%
Theater1983-1984La Vida del Rey Eduardo II de Inglaterra
9%
Commercial2002Lycia
9%
Commercial2004-PresentNasonex
9%
Short Documentary2014Operation Bobbi Bear
9%
TV Special2021Premios Goya 35 Edición
9%
Short Film1996Sanpellegrino Calze
9%
TV Short2010Shrek's Yule Log
9%
Commercial2007St. Jude's Children's Hospital
9%
TV Show2022The Challenge
9%
FilmTBAThe Last Girl
9%
TV Show2012This American Housewife
9%
Commercial2013Wrigley's Extra
9%

Score Distribution

Percentile by Number Answered

Percent of People with Each Score

Your Score History

You have not taken this quiz since the last reset